| 000 | 01568nam a2200229Ia 4500 | ||
|---|---|---|---|
| 003 | Ost | ||
| 005 | 20260507075623.0 | ||
| 008 | 260507s9999||||xx |||||||||||||| ||und|| | ||
| 020 | _a9789947780633 | ||
| 040 | _cfsecg | ||
| 041 | _aara | ||
| 082 | _a332.46 | ||
| 100 |
_aزايري، بلقاسم _eمؤلف |
||
| 245 | 0 |
_aصناديق الثروة السيادية وتحولات النظام المالي الدولي : _bالاقتصاد السياسي لصناديق الثروة السيادية / _c بلقاسم زايري |
|
| 260 |
_aالجزائر : _bالنشر الجامعي الجديد, _c2020 |
||
| 300 |
_a303 صفحة؛ _bإيضاحات ؛ _c24 سم |
||
| 504 | _aالمراجع ص.275 قائمة بأسماء صناديق الثروة السيادية ص.11 | ||
| 520 | _aتناول الكاتب موضوع صناديق الثروة السيادية وتحولات النظام المالي الدولي، حيث قدم من خلال فصول دراسته صناديق الثروة السيادية وإشكالية المفهوم، و أهداف السياسات المعتمدة من طرف صناديق الثروة السيادية، بالاضافة الى التمييز بين صناديق الثروة السيادية والكيانات المالية والاستثمارية الأخرى، وأخيرا سلوك واستراتيجية صناديق الثروة السيادية في إدارة الأصول. | ||
| 653 | _aالاقتصاد السياسي | ||
| 653 | _aالنظام النقدي الدولي | ||
| 942 | _cكتاب | ||
| 999 |
_c45154 _d45154 |
||